00494cam a22001572 4500001001100000005001700011008004100028020001300069040001500082100002800097245009500125250001300220260003100233300001800264650005400282000000957520151217155840.0081111s xx 000 0 eng d cDonation aKABUcKABU1 aMeek, C. K.@000016127910aLand law and custom in the colonies /cby C. K. Meek; with an introduction by Lord Hailey. a1st ed. aLondon :bO. U. P.,c1946. axxvi, 337 p. 0aLand tenurezGreat BritainzColonies.@0000161280